000 00608nam a2200217Ii 4500
001 13156
003 CO-ViMGA
008 241108s9999||||xx |||||||||||||| ||und||
020 _a8429711066
040 _aCO-ViMGA
_bspa
_erda
_cCO-ViMGA
041 0 _aspa
082 0 4 _aCG 370.944 - D87e
100 1 _aEmile Durkheim
_946429
245 1 0 _aEducación y sociología
264 1 _aMadrid, España : Península, 1975
300 _avolumen
336 _atext
_btxt
_2rdacontent
337 _aunmediated
_bn
_2rdamedia
338 _avolume
_bnc
_2rdacarrier
940 _aidficha_siabuc: 12859. -- ficha_no_siabuc:13156
999 _c40995
_d40995